[Event "4NCL/Div4/NOTT1 vs. OXF3"]
[Site "Staverton Park ENG"]
[Date "2008.02.09"]
[Round "5.1"]
[White "Richmond, Robert J"]
[Black "Chen, Ti"]
[Result "1/2-1/2"]
[WhiteElo "2260"]
[BlackElo "1995"]
[PlyCount "112"]
[EventDate "2008.02.09"]
[EventType "team"]
[EventRounds "11"]
[EventCountry "ENG"]
[SourceDate "2007.09.15"]

1. d4 Nf6 2. c4 e6 3. Nc3 d5 4. Bg5 Be7 5. e3 b6 6. cxd5 exd5 7. Nf3 O-O 8. Rc1
Bg4 9. Be2 h6 10. Bh4 c6 11. O-O Nbd7 12. Ba6 c5 13. Bg3 Ne4 14. Nxd5 Nxg3 15.
Nxe7+ Qxe7 16. hxg3 Rad8 17. Be2 Bxf3 18. gxf3 cxd4 19. Qxd4 Nc5 20. Qc3 Rd6
21. Rfd1 Rfd8 22. Rxd6 Rxd6 23. b4 Ne6 24. f4 Rd7 25. Rd1 Rxd1+ 26. Bxd1 Qc7
27. Qxc7 Nxc7 28. Bb3 g6 29. Kg2 Kg7 30. Kf3 f5 31. Ke2 Kf6 32. Kd3 g5 33.
fxg5+ hxg5 34. Kd4 Nb5+ 35. Kc4 Nd6+ 36. Kd3 Ne4 37. Ke2 Nc3+ 38. Kf3 g4+ 39.
Kg2 a5 {=} 40. bxa5 bxa5 41. f3 a4 42. Bc4 Nd1 43. Be2 Nxe3+ 44. Kf2 gxf3 45.
Bb5 Nd1+ 46. Kxf3 Nc3 47. Bc4 Ke5 48. Bf7 Ne4 49. Be8 a3 50. Ba4 Nc5 51. Bc2
Ne6 52. Ke3 f4+ 53. gxf4+ Nxf4 54. Bb3 Nd5+ 55. Kd3 Nb4+ 56. Kc4 Nxa2 1/2-1/2

[Event "4NCL/Div4/NOTT1 vs. OXF3"]
[Site "Staverton Park ENG"]
[Date "2008.02.09"]
[Round "5.2"]
[White "Hadi, Justin"]
[Black "Mercs, Peter J"]
[Result "0-1"]
[WhiteElo "1985"]
[BlackElo "2086"]
[PlyCount "64"]
[EventDate "2008.02.09"]
[EventType "team"]
[EventRounds "11"]
[EventCountry "ENG"]
[SourceDate "2007.09.15"]

1. e4 c5 2. c3 Nf6 3. e5 Nd5 4. d4 cxd4 5. Nf3 e6 6. cxd4 d6 7. Bc4 Nc6 8. Qe2
Be7 9. O-O O-O 10. Qe4 Bd7 11. Rd1 Ncb4 12. a3 Rc8 13. b3 b5 14. Bxb5 Bxb5 15.
axb4 a6 16. exd6 Qxd6 17. Ng5 Nf6 18. Qh4 Qd5 19. Nd2 h6 20. Nh3 Rfe8 21. Nf3
Qf5 22. Nf4 Nd5 23. Qg3 Rxc1 24. Raxc1 Nxf4 25. Rd2 Ne2+ 26. Rxe2 Bxe2 27. Ne5
Bg5 28. Re1 Rc8 29. Nd7 Bd2 30. Ra1 Bxb4 31. Qe3 Qd3 32. Qe5 Qc3 0-1

[Event "4NCL/Div4/NOTT1 vs. OXF3"]
[Site "Staverton Park ENG"]
[Date "2008.02.09"]
[Round "5.3"]
[White "Walker, Andrew N"]
[Black "Levicki, Jeffrey"]
[Result "1-0"]
[WhiteElo "2040"]
[BlackElo "1912"]
[PlyCount "85"]
[EventDate "2008.02.09"]
[EventType "team"]
[EventRounds "11"]
[EventCountry "ENG"]
[SourceDate "2007.09.15"]

1. e4 c5 2. d4 cxd4 3. c3 dxc3 4. Nxc3 Nc6 5. Nf3 a6 6. Bc4 e6 7. O-O Be7 8.
Qe2 d6 9. Rd1 Qc7 10. Bf4 Nf6 11. Rac1 O-O 12. e5 Ne8 13. Bb3 dxe5 14. Nxe5 Bd6
15. Nxc6 Bxf4 16. Nd5 exd5 17. Ne7+ Qxe7 18. Qxe7 Bxc1 19. Rxc1 Nf6 20. Rd1 Re8
21. Qc7 b5 22. f3 Be6 23. g4 h6 24. h4 Red8 25. g5 hxg5 26. hxg5 Ne8 27. Qe5
Ra7 28. f4 g6 29. f5 gxf5 30. g6 Rad7 31. gxf7+ Kxf7 32. Kf2 Nf6 33. Qd4 Ne4+
34. Ke2 Rg8 35. Qe5 Rg2+ 36. Kf1 Rf2+ 37. Ke1 Nf6 38. Qc3 f4 39. Rd4 Ng4 40.
Bd1 Rg2 41. Rxf4+ Kg6 42. Bxg4 Bxg4 43. Kf1 1-0

[Event "4NCL/Div4/NOTT1 vs. OXF3"]
[Site "Staverton Park ENG"]
[Date "2008.02.09"]
[Round "5.4"]
[White "Terry, Sean"]
[Black "Levens, David"]
[Result "1-0"]
[WhiteElo "1841"]
[BlackElo "2010"]
[PlyCount "71"]
[EventDate "2008.02.09"]
[EventType "team"]
[EventRounds "11"]
[EventCountry "ENG"]
[SourceDate "2007.09.15"]

1. e4 c5 2. Nc3 e6 3. f4 Nc6 4. Nf3 g6 5. Be2 Nge7 6. O-O Bg7 7. d3 d5 8. Qe1
Nd4 9. Bd1 O-O 10. Ne2 Nxe2+ 11. Bxe2 Nc6 12. c3 b6 13. e5 Ba6 14. d4 Bb7 15.
Be3 cxd4 16. Nxd4 Nxd4 17. Bxd4 Qc8 18. a4 Ba6 19. a5 b5 20. b4 Qd7 21. Rf3 f6
22. Rh3 fxe5 23. fxe5 Rf4 24. Bd3 Rc8 25. Qg3 Qf7 26. Qg5 Rf8 27. Be3 Rf5 28.
Bxf5 exf5 29. Bd4 Re8 30. Re3 h6 31. e6 hxg5 32. exf7+ Kxf7 33. Rxe8 Bxd4+ 34.
cxd4 Kxe8 35. Re1+ Kf7 36. Rc1 1-0

[Event "4NCL/Div4/NOTT1 vs. OXF3"]
[Site "Staverton Park ENG"]
[Date "2008.02.09"]
[Round "5.5"]
[White "Webster, Richard J"]
[Black "Henbest, Kevin B"]
[Result "1-0"]
[WhiteElo "1989"]
[BlackElo "1785"]
[PlyCount "71"]
[EventDate "2008.02.09"]
[EventType "team"]
[EventRounds "11"]
[EventCountry "ENG"]
[SourceDate "2007.09.15"]

1. d4 Nf6 2. Nf3 g6 3. c4 Bg7 4. Nc3 O-O 5. e4 d6 6. Be2 e5 7. O-O Nc6 8. d5
Ne7 9. Ne1 Nd7 10. Be3 f5 11. f3 f4 12. Bf2 a5 13. Nd3 b6 14. a3 Ba6 15. Nb5
Nc5 16. b4 Nxd3 17. Qxd3 Bxb5 18. cxb5 axb4 19. a4 g5 20. Rfc1 Qd7 21. Qc4 Rfc8
22. Qxb4 h5 23. h3 Kf7 24. a5 bxa5 25. Rxa5 Rxa5 26. Qxa5 Ng8 27. Qa7 Ke8 28.
b6 cxb6 29. Rxc8+ Qxc8 30. Qxg7 Qc1+ 31. Bf1 Ne7 32. Bxb6 Qb1 33. Bf2 g4 34.
hxg4 hxg4 35. Qxg4 Kd8 36. Bh4 1-0

[Event "4NCL/Div4/NOTT1 vs. OXF3"]
[Site "Staverton Park ENG"]
[Date "2008.02.09"]
[Round "5.6"]
[White "Foster, James M"]
[Black "Kingston, Ian"]
[Result "0-1"]
[WhiteElo "1770"]
[BlackElo "2025"]
[PlyCount "54"]
[EventDate "2008.02.09"]
[EventType "team"]
[EventRounds "11"]
[EventCountry "ENG"]
[SourceDate "2007.09.15"]

1. e4 e5 2. Nf3 Nc6 3. Bc4 Nf6 4. Ng5 Bc5 5. Bxf7+ Ke7 6. Bd5 Rf8 7. O-O d6 8.
h3 Qe8 9. d3 Qg6 10. Kh1 Nh5 11. Bf7 Rxf7 12. Nxf7 Qxf7 13. Bg5+ Nf6 14. Nc3
Be6 15. Qe1 Qh5 16. Bxf6+ gxf6 17. Nd5+ Bxd5 18. exd5 Nb4 19. Rc1 Nxd5 20. Qe4
c6 21. Rce1 Kd7 22. Kh2 Nf4 23. Qc4 b5 24. Qb3 d5 25. d4 Rg8 26. Rg1 Bxd4 27.
g4 Qh4 0-1

[Event "4NCL/Div4/CELT1 vs. GUI4"]
[Site "Staverton Park ENG"]
[Date "2008.02.09"]
[Round "5.1"]
[White "Kemp, Peter D"]
[Black "Punnett, Alan K"]
[Result "1-0"]
[WhiteElo "2178"]
[BlackElo "2108"]
[PlyCount "107"]
[EventDate "2008.02.09"]
[EventType "team"]
[EventRounds "11"]
[EventCountry "ENG"]
[SourceDate "2007.09.15"]

1. d4 Nf6 2. c4 e6 3. Nf3 Bb4+ 4. Bd2 a5 5. Bxb4 axb4 6. Nbd2 d5 7. g3 O-O 8.
Bg2 Nbd7 9. Qb3 Qe7 10. O-O dxc4 11. Nxc4 Ra6 12. Rfc1 Nb6 13. Nxb6 Rxb6 14.
Ne5 Rd8 15. Rc4 Ne8 16. Rac1 Kf8 17. Nd3 e5 18. d5 Bf5 19. e4 Bg4 20. Rxb4 Rxb4
21. Nxb4 h5 22. Qc3 Be2 23. Nc2 Rd6 24. Ne3 g6 25. Rc2 Ba6 26. a4 Rb6 27. f4 f6
28. Rf2 Kg7 29. Nc2 Nd6 30. b4 c6 31. fxe5 Qxe5 32. Qxe5 fxe5 33. a5 Rb5 34.
dxc6 bxc6 35. Rd2 Nc4 36. Rd7+ Kf6 37. Bf1 Rb8 38. Rc7 Bb5 39. Bxc4 Bxc4 40.
Rxc6+ Be6 41. a6 Ke7 42. a7 Ra8 43. Rc7+ Bd7 44. Ne3 Kd6 45. Rc5 Rxa7 46. Nc4+
Ke6 47. Rxe5+ Kf6 48. Ra5 Rxa5 49. bxa5 Bb5 50. Nd6 Bc6 51. a6 Ke5 52. Nc8 Kd4
53. a7 Kc5 54. e5 1-0

[Event "4NCL/Div4/CELT1 vs. GUI4"]
[Site "Staverton Park ENG"]
[Date "2008.02.09"]
[Round "5.2"]
[White "Shepley, Julien M"]
[Black "Thomas, Robert K"]
[Result "0-1"]
[WhiteElo "2123"]
[BlackElo "2130"]
[PlyCount "82"]
[EventDate "2008.02.09"]
[EventType "team"]
[EventRounds "11"]
[EventCountry "ENG"]
[SourceDate "2007.09.15"]

1. d4 e6 2. a3 b6 3. Nf3 Nf6 4. Bg5 Bb7 5. e3 h6 6. Bh4 Be7 7. Nbd2 O-O 8. Bd3
c5 9. Qe2 d6 10. O-O Nbd7 11. Rad1 Re8 12. c3 Qc7 13. e4 e5 14. dxe5 dxe5 15.
Ba6 Bc6 16. Bb5 a6 17. Bxc6 Qxc6 18. Rfe1 b5 19. c4 Bd8 20. Rc1 Ba5 21. Red1 g5
22. Bg3 Bc7 23. b4 Qb7 24. cxb5 Qxb5 25. Qxb5 axb5 26. bxc5 Rxa3 27. c6 Nb6 28.
Rc5 Na4 29. Rxb5 Nc3 30. Rb3 Rxb3 31. Nxb3 Nxd1 32. Nc5 g4 33. Nxe5 Kg7 34.
Ncd7 Nxe4 35. Nxg4 Nxg3 36. hxg3 Re1+ 37. Kh2 Re6 38. Ngf6 Rxc6 39. Ne8+ Kh8
40. f4 Ne3 41. Nef6 Bd8 0-1

[Event "4NCL/Div4/CELT1 vs. GUI4"]
[Site "Staverton Park ENG"]
[Date "2008.02.09"]
[Round "5.3"]
[White "French, Angus"]
[Black "Roset, Christophe"]
[Result "1-0"]
[WhiteElo "2115"]
[BlackElo "2071"]
[PlyCount "93"]
[EventDate "2008.02.09"]
[EventType "team"]
[EventRounds "11"]
[EventCountry "ENG"]
[SourceDate "2007.09.15"]

1. e4 e5 2. Nf3 Nc6 3. d4 exd4 4. Nxd4 Bc5 5. Nxc6 Qf6 6. Qd2 dxc6 7. Nc3 Be6
8. Na4 Rd8 9. Bd3 Bd4 10. O-O b5 11. Nc3 Ne7 12. Qf4 Bxc3 13. bxc3 Qxf4 14.
Bxf4 Rd7 15. a4 O-O 16. axb5 cxb5 17. Rxa7 c6 18. Rxd7 Bxd7 19. Bd6 Re8 20. Ra1
Nc8 21. Bc5 g6 22. f4 f5 23. e5 Be6 24. Ra8 Bd5 25. h3 Nd6 26. Rxe8+ Nxe8 27.
g4 Ng7 28. Kf2 Kf7 29. Kg3 h5 30. Be3 hxg4 31. hxg4 Be6 32. Be2 Bd5 33. Bc1 Ke6
34. Kh4 Be4 35. Bd3 Bf3 36. gxf5+ gxf5 37. c4 bxc4 38. Bxc4+ Bd5 39. Bd3 c5 40.
Ba6 Be4 41. c3 Kd5 42. Kg5 Bc2 43. Kf6 Nh5+ 44. Kf7 Ke4 45. e6 Nxf4 46. e7 Ba4
47. c4 1-0

[Event "4NCL/Div4/CELT1 vs. GUI4"]
[Site "Staverton Park ENG"]
[Date "2008.02.09"]
[Round "5.4"]
[White "Stimpson, Philip M"]
[Black "Quinn, Rory"]
[Result "1-0"]
[WhiteElo "2076"]
[BlackElo "2024"]
[PlyCount "51"]
[EventDate "2008.02.09"]
[EventType "team"]
[EventRounds "11"]
[EventCountry "ENG"]
[SourceDate "2007.09.15"]

1. e4 Nc6 2. Nf3 Nf6 3. e5 Ng4 4. d4 d6 5. h3 Nh6 6. Bxh6 gxh6 7. Nc3 Bg7 8.
Bb5 a6 9. Bxc6+ bxc6 10. O-O Bb7 11. Re1 O-O 12. Ne4 Kh8 13. Qd3 e6 14. h4 Qe7
15. Re3 Rg8 16. Rae1 Raf8 17. Nfg5 hxg5 18. hxg5 c5 19. Nf6 Bxf6 20. exf6 Qd7
21. Rh3 Rg6 22. Rh5 Qc6 23. Qh3 Qxg2+ 24. Qxg2 Bxg2 25. Kxg2 Rfg8 26. Rxh7+ 1-0

[Event "4NCL/Div4/CELT1 vs. GUI4"]
[Site "Staverton Park ENG"]
[Date "2008.02.09"]
[Round "5.5"]
[White "Evans, Craig"]
[Black "Smart, Michael R"]
[Result "1/2-1/2"]
[WhiteElo "2031"]
[BlackElo "1958"]
[PlyCount "178"]
[EventDate "2008.02.09"]
[EventType "team"]
[EventRounds "11"]
[EventCountry "ENG"]
[SourceDate "2007.09.15"]

1. d4 Nf6 2. Nc3 d5 3. Bg5 c6 4. Bxf6 exf6 5. Qd3 Bb4 6. e3 Qa5 7. Nge2 Na6 8.
h3 Be6 9. Nc1 O-O 10. Nb3 Qc7 11. a3 Be7 12. Be2 Rad8 13. Bg4 c5 14. dxc5 Nxc5
15. Nxc5 Bxc5 16. O-O-O a6 17. Ne2 Bd7 18. Bxd7 Rxd7 19. Nd4 Rc8 20. Rd2 b5 21.
Qb3 g6 {=} 22. g3 Bxd4 23. Rxd4 a5 24. Rhd1 a4 25. Qd3 Qc6 26. c3 Rcd8 27. Rb4
Rb8 28. Rd4 Rbd8 29. e4 dxe4 30. Rxd7 exd3 31. Rxd8+ Kg7 32. R8xd3 Qe6 33. h4
Qc4 34. Rd4 Qc5 35. R1d2 Qc6 36. Kc2 Qe6 37. Rb4 Qf5+ 38. Kc1 Qc5 39. c4 bxc4
40. Rc2 Qe5 41. Kb1 Qe1+ 42. Ka2 Qd1 43. Rbxc4 Qd5 44. b3 axb3+ 45. Kxb3 Qb5+
46. Ka2 Qd5 47. a4 h6 48. Ka3 Qe5 49. Rc5 Qa1+ 50. Kb4 Qd4+ 51. Kb3 Qd3+ 52.
Kb4 Qd4+ 53. Ka5 Qd8+ 54. Rc7 Qa8+ 55. Kb5 Qd5+ 56. Ka6 Qa8+ 57. Ra7 Qe4 58.
Rac7 {=} Qxa4+ 59. Kb7 g5 60. R7c4 Qd7+ 61. Kb6 f5 62. hxg5 hxg5 63. f4 Qd6+
64. Kb5 {=} Qd5+ 65. Kb4 Qb7+ 66. Ka3 Qe7+ 67. Kb3 Qe3+ 68. R2c3 Qb6+ 69. Ka3
Qa5+ 70. Kb3 f6 71. Kb2 Kg6 72. Kb3 Kh5 73. Kb2 {=} Qd5 74. Ka3 Qb5 75. Ka2 Qb6
76. Ka3 Qb1 77. Ka4 Qb2 78. Ka5 gxf4 79. gxf4 Kg4 80. Ka4 Qb1 81. Ka3 Kh5 82.
Ka4 Kg6 83. Ka3 Qb5 84. Ka2 Kf7 85. Ka3 Ke6 86. Rb4 Qa5+ 87. Kb3 Kd5 88. Rd3+
Ke6 89. Rc3 Qd5+ 1/2-1/2

[Event "4NCL/Div4/CELT1 vs. GUI4"]
[Site "Staverton Park ENG"]
[Date "2008.02.09"]
[Round "5.6"]
[White "Deswarte, Ian"]
[Black "Burgess, Thomas"]
[Result "1-0"]
[WhiteElo "1935"]
[BlackElo "1870"]
[PlyCount "51"]
[EventDate "2008.02.09"]
[EventType "team"]
[EventRounds "11"]
[EventCountry "ENG"]
[SourceDate "2007.09.15"]

1. e4 e6 2. d4 d5 3. Nc3 dxe4 4. Nxe4 Nd7 5. Nf3 Ngf6 6. Ng3 c5 7. Bd3 Be7 8.
O-O cxd4 9. Nxd4 O-O 10. c3 Qb6 11. Qe2 Nc5 12. Bc2 Qa6 13. Qf3 Bd7 14. b4 Na4
15. Bd3 Qd6 16. Bf4 Qd5 17. Ne4 Bc6 18. Nxc6 bxc6 19. Rfd1 Kh8 20. Bc2 Qb5 21.
Bg5 Nd5 22. Bxe7 Nxe7 23. Nd6 Qa6 24. Bb3 Rad8 25. Nxf7+ Kg8 26. Rxd8 1-0

[Event "4NCL/Div4/FCA2 vs. KJCAK"]
[Site "Staverton Park ENG"]
[Date "2008.02.09"]
[Round "5.1"]
[White "Fraser-Mitchell, Jeremy"]
[Black "Jones, William"]
[Result "0-1"]
[WhiteElo "2053"]
[BlackElo "1984"]
[PlyCount "84"]
[EventDate "2008.02.09"]
[EventType "team"]
[EventRounds "11"]
[EventCountry "ENG"]
[SourceDate "2007.09.15"]

1. d4 Nf6 2. c4 g6 3. Nc3 Bg7 4. e4 d6 5. f3 c6 6. Bg5 a6 7. Qd2 b5 8. Bd3 Nbd7
9. Nge2 bxc4 10. Bxc4 d5 11. Bd3 Nb6 12. O-O O-O 13. e5 Nfd7 14. b4 f6 15. exf6
exf6 16. Bf4 Qe7 17. Rab1 Re8 18. Rfe1 Nf8 19. a4 Be6 20. a5 Nbd7 21. Na4 g5
22. Bg3 f5 23. Bf2 f4 24. Nc1 Qf7 25. Nb3 g4 26. fxg4 Bxg4 27. Rxe8 Rxe8 28.
Bxa6 f3 29. g3 Qh5 30. Re1 Bh6 31. Qc3 Ne6 32. Bf1 Ng5 33. Rxe8+ Qxe8 34. Qxc6
Kg7 35. Nb6 Ne4 36. Nxd7 Bxd7 37. Qxd5 Nxf2 38. Qxf3 Be3 39. Kg2 Bh3+ 40. Kg1
Ng4+ 41. Kh1 Nf2+ 42. Kg1 Qe4 0-1

[Event "4NCL/Div4/FCA2 vs. KJCAK"]
[Site "Staverton Park ENG"]
[Date "2008.02.09"]
[Round "5.2"]
[White "Bayliss, Lyall C P"]
[Black "Majer, Chris E"]
[Result "0-1"]
[WhiteElo "1975"]
[BlackElo "2075"]
[PlyCount "112"]
[EventDate "2008.02.09"]
[EventType "team"]
[EventRounds "11"]
[EventCountry "ENG"]
[SourceDate "2007.09.15"]

1. e4 d5 2. exd5 Qxd5 3. Nc3 Qa5 4. d4 Nf6 5. Nf3 Ne4 6. Bd2 Nxd2 7. Qxd2 e6 8.
a3 c6 9. Bc4 Bd6 10. O-O-O b5 11. Ba2 Nd7 12. Qg5 O-O 13. Ne4 Bc7 14. Ne5 Bd8
15. Qg4 Nxe5 16. dxe5 b4 17. f4 bxa3 18. Rd3 axb2+ 19. Kb1 Ba6 20. Rg3 g6 21.
Nd6 Be7 22. Kxb2 Bxd6 23. exd6 Qb4+ 24. Bb3 Qxd6 25. h4 Qd4+ 26. Kb1 Rab8 27.
h5 c5 28. hxg6 hxg6 29. Qh5 Qg7 30. Qxc5 Rb6 31. Rgh3 Rc8 32. Rh8+ Qxh8 33.
Rxh8+ Kxh8 34. Qd4+ Kg8 35. Ka2 Bb7 36. g4 Bd5 37. Bxd5 exd5 38. Qxd5 Rxc2+ 39.
Ka3 Rc3+ 40. Ka2 Rc2+ 41. Ka3 Rc1 42. Ka2 Rf1 43. f5 Rf4 44. Qa8+ Kg7 45. Qxa7
Rbb4 46. Qe7 Rbe4 47. f6+ Kg8 48. Qd8+ Kh7 49. g5 Re3 50. Qd2 Ree4 {=} 51. Qd5
Kg8 52. Kb3 Re3+ 53. Kc2 Rf2+ 54. Kd1 Ra3 55. Qd8+ Kh7 56. Qd4 Ra1+ 0-1

[Event "4NCL/Div4/FCA2 vs. KJCAK"]
[Site "Staverton Park ENG"]
[Date "2008.02.09"]
[Round "5.3"]
[White "Elwin, Adrian G"]
[Black "Jones, Victor"]
[Result "1/2-1/2"]
[WhiteElo "2033"]
[BlackElo "1868"]
[PlyCount "100"]
[EventDate "2008.02.09"]
[EventType "team"]
[EventRounds "11"]
[EventCountry "ENG"]
[SourceDate "2007.09.15"]

1. d4 Nf6 2. c4 c5 3. Nf3 cxd4 4. Nxd4 e5 5. Nb5 d5 6. cxd5 Bc5 7. e3 O-O 8.
N5c3 Re8 9. Be2 e4 10. a3 Bf5 11. b4 Bd6 12. Bb2 Be5 13. Ra2 Qe7 14. Qb3 a6 15.
b5 Nbd7 16. Na4 Qd6 17. Bxe5 Nxe5 18. Nac3 axb5 19. Nxb5 Qxd5 20. Qxd5 Nxd5 21.
Nd6 Nb4 22. Rd2 Nbd3+ 23. Bxd3 Nxd3+ 24. Ke2 Re5 25. Nxf5 Rxf5 26. f3 Rd8 27.
Rf1 Rg5 28. g3 Rh5 29. h4 exf3+ 30. Rxf3 Rhd5 31. e4 Nc1+ 32. Kd1 Rxd2+ 33.
Nxd2 Nd3 34. Ke2 Ne5 35. Rb3 Rd7 36. Nf3 Nc6 37. Ke3 Re7 38. g4 g6 39. g5 Kg7
40. Rd3 h6 41. Rb3 f6 42. gxf6+ Kxf6 43. Rb5 Rd7 44. Rb6 g5 45. hxg5+ hxg5 46.
Rb5 g4 47. Rf5+ Ke7 48. Ng5 Nd8 49. Kf4 Rd3 50. Kxg4 Rxa3 1/2-1/2

[Event "4NCL/Div4/FCA2 vs. KJCAK"]
[Site "Staverton Park ENG"]
[Date "2008.02.09"]
[Round "5.4"]
[White "Lunn, Matt"]
[Black "Valentine, Brian J"]
[Result "1/2-1/2"]
[WhiteElo "1822"]
[BlackElo "1986"]
[PlyCount "40"]
[EventDate "2008.02.09"]
[EventType "team"]
[EventRounds "11"]
[EventCountry "ENG"]
[SourceDate "2007.09.15"]

1. d4 d5 2. c4 c6 3. Nc3 Nf6 4. Nf3 dxc4 5. a4 Bf5 6. Ne5 e6 7. f3 c5 8. e4 Bg6
9. Be3 Nfd7 10. Nxc4 cxd4 11. Bxd4 Nc6 12. Be3 Bb4 13. Nd6+ Bxd6 14. Qxd6 a6
15. Rd1 Qe7 16. Qxe7+ {=} Kxe7 17. Be2 Rac8 18. O-O Nb4 19. Rd2 Rhd8 20. Rfd1
f6 1/2-1/2

[Event "4NCL/Div4/FCA2 vs. KJCAK"]
[Site "Staverton Park ENG"]
[Date "2008.02.09"]
[Round "5.5"]
[White "Matthews, Adrian"]
[Black "Jones, Laurence"]
[Result "1-0"]
[WhiteElo "1920"]
[BlackElo "1758"]
[PlyCount "95"]
[EventDate "2008.02.09"]
[EventType "team"]
[EventRounds "11"]
[EventCountry "ENG"]
[SourceDate "2007.09.15"]

1. e4 c5 2. Nc3 Nc6 3. g3 g6 4. Bg2 Bg7 5. d3 d6 6. Be3 a6 7. Qd2 Bd7 8. Nge2
b5 9. O-O b4 10. Nd1 Rb8 11. f4 Qc8 12. c3 Nh6 13. Nf2 Ng4 14. Nxg4 Bxg4 15.
Rf2 h5 16. h4 O-O 17. Rc1 a5 18. d4 c4 19. d5 bxc3 20. bxc3 Nd8 21. Nd4 e5 22.
fxe5 Bxe5 23. Bf4 Kh7 24. Bxe5 dxe5 25. Nf3 Bxf3 26. Rxf3 Qc5+ 27. Qf2 Qxf2+
28. Rxf2 Nb7 29. Rb1 Nd6 {=} 30. Rfb2 Rxb2 31. Rxb2 f5 32. exf5 Nxf5 33. Kh2
Ne3 34. d6 Rd8 35. Rb7+ Kg8 36. d7 Nxg2 37. Kxg2 Kf7 38. Kf3 Ke6 39. Ke4 Kd6
40. Rb5 Kc6 41. Rd5 a4 42. Kxe5 a3 43. Kd4 g5 44. hxg5 h4 45. gxh4 Kb7 46. Kxc4
Ka7 47. Kc5 Rc8+ 48. dxc8=N+ 1-0

[Event "4NCL/Div4/FCA2 vs. KJCAK"]
[Site "Staverton Park ENG"]
[Date "2008.02.09"]
[Round "5.6"]
[White "Maguire, Robert"]
[Black "Shaw, John S"]
[Result "1/2-1/2"]
[WhiteElo "1703"]
[BlackElo "1890"]
[PlyCount "117"]
[EventDate "2008.02.09"]
[EventType "team"]
[EventRounds "11"]
[EventCountry "ENG"]
[SourceDate "2007.09.15"]

1. e4 c5 2. Nf3 Nc6 3. d4 cxd4 4. Nxd4 Nf6 5. Nc3 e5 6. Ndb5 d6 7. Bg5 a6 8.
Na3 b5 9. Nd5 Be7 10. Bxf6 Bxf6 11. c3 O-O 12. Nc2 Bg5 13. a4 bxa4 14. Rxa4 a5
15. Bc4 Be6 16. b3 Ne7 17. h4 Bh6 18. g4 Bf4 19. Nce3 Nxd5 20. Bxd5 Rc8 21. Nc4
Bxd5 22. exd5 Rc5 23. Rh3 Qa8 24. Qa1 Qxd5 25. Rxa5 Rxa5 26. Qxa5 Qg2 27. Re3
Bxe3 28. Nxe3 Qh1+ 29. Ke2 Qxh4 30. Qb4 Rd8 31. Nf5 Qf6 32. Qb7 h5 33. Ne7+ Kf8
34. Nd5 Qg5 35. gxh5 Qxh5+ 36. f3 Qh2+ 37. Kd3 Qh6 38. Kc4 Qh4+ 39. Kb5 g6 40.
c4 Re8 41. Qc7 Qd8 42. Kc6 Qxc7+ 43. Kxc7 f5 44. Kxd6 Kf7 45. b4 g5 46. b5 g4
47. fxg4 fxg4 48. Ne3 g3 49. b6 Re6+ 50. Kc7 Re7+ 51. Kb8 Ke6 52. b7 Kd7 53.
Ka8 Re8+ 54. b8=Q Rxb8+ 55. Kxb8 Kc6 56. Ka7 Kc5 57. Ka6 Kd4 58. Nf5+ Kxc4 59.
Nxg3 1/2-1/2

[Event "4NCL/Div4/OXF2 vs. ANGA2"]
[Site "Staverton Park ENG"]
[Date "2008.02.09"]
[Round "5.1"]
[White "Bruce, Dave"]
[Black "Savage, Nicholas W"]
[Result "1-0"]
[WhiteElo "2114"]
[BlackElo "2105"]
[PlyCount "45"]
[EventDate "2008.02.09"]
[EventType "team"]
[EventRounds "11"]
[EventCountry "ENG"]
[SourceDate "2007.09.15"]

1. e4 e5 2. Nf3 Nc6 3. Bc4 Nf6 4. d3 h6 5. O-O d6 6. c3 g6 7. Nbd2 Bg7 8. Re1
O-O 9. a4 Kh7 10. a5 Rb8 11. d4 Nh5 12. d5 Ne7 13. Nf1 c5 14. dxc6 bxc6 15. Ne3
Nf4 16. Qa4 Qc7 17. Qa2 f5 18. exf5 Nxf5 19. Nxf5 Rxf5 20. Nh4 Rf6 21. Bxf4
Rxf4 22. Bg8+ Kh8 23. Nxg6# 1-0

[Event "4NCL/Div4/OXF2 vs. ANGA2"]
[Site "Staverton Park ENG"]
[Date "2008.02.09"]
[Round "5.2"]
[White "Lunn, Timothy"]
[Black "Burt, Will"]
[Result "1-0"]
[WhiteElo "2074"]
[BlackElo "2080"]
[PlyCount "65"]
[EventDate "2008.02.09"]
[EventType "team"]
[EventRounds "11"]
[EventCountry "ENG"]
[SourceDate "2007.09.15"]

1. Nf3 f5 2. g3 Nf6 3. Bg2 e6 4. O-O d5 5. b3 c6 6. Bb2 Bd6 7. d3 Nbd7 8. Nbd2
e5 9. c4 O-O 10. cxd5 cxd5 11. e4 fxe4 12. dxe4 d4 13. Nc4 Bb8 14. Ng5 Re8 15.
f4 b5 16. Nd2 Nc5 17. b4 Ne6 18. Qb3 h6 19. fxe5 Bxe5 20. Ngf3 Bc7 21. Bxd4 Kh7
22. Qd3 Ng4 23. e5+ Kh8 24. Rad1 Rb8 25. Nb3 Nxd4 26. Nbxd4 Nxe5 27. Nxe5 Bxe5
28. Nc6 Qxd3 29. Rxd3 Bg4 30. Rd5 Bc7 31. Nxb8 Bxb8 32. Bf3 Be6 33. Re1 1-0

[Event "4NCL/Div4/OXF2 vs. ANGA2"]
[Site "Staverton Park ENG"]
[Date "2008.02.09"]
[Round "5.3"]
[White "Stembridge, Ed"]
[Black "Ruthen, Steven"]
[Result "0-1"]
[WhiteElo "2026"]
[BlackElo "2050"]
[PlyCount "90"]
[EventDate "2008.02.09"]
[EventType "team"]
[EventRounds "11"]
[EventCountry "ENG"]
[SourceDate "2007.09.15"]

1. e4 e5 2. Bc4 Nf6 3. d3 Nc6 4. f4 Bc5 5. Nf3 d6 6. Nc3 a6 7. a4 O-O 8. f5 Nb4
9. Bg5 c6 10. Qe2 d5 11. Bb3 Qd6 12. Nd1 Re8 13. Ne3 a5 14. Bxf6 Qxf6 15. g4 b5
16. g5 Qd8 17. Ng4 Bxf5 18. Ngxe5 f6 19. gxf6 Qxf6 20. Rd1 Bd6 21. Nxc6 bxa4
22. e5 Qh6 23. Bxa4 Bc5 24. Nxb4 axb4 25. Bb3 Rad8 26. d4 Be7 27. O-O Kh8 28.
Ba4 Bh3 29. Rf2 Rf8 30. Kh1 Qf4 31. c3 Bh4 32. Rdf1 Bxf2 33. Rxf2 Bg4 34. Kg2
bxc3 35. bxc3 Rf5 36. Bc2 Rff8 37. Bb3 Rf5 38. Bc2 Rh5 39. Kg1 Rf8 40. Bd1 Rh3
41. Ng5 Bxe2 42. Rxf4 Rxf4 43. Bxe2 Rxc3 44. Ne6 Re4 45. Bf1 Rc2 0-1

[Event "4NCL/Div4/OXF2 vs. ANGA2"]
[Site "Staverton Park ENG"]
[Date "2008.02.09"]
[Round "5.4"]
[White "Donaghay, Richard"]
[Black "Morris, Graham"]
[Result "1/2-1/2"]
[WhiteElo "1963"]
[BlackElo "2038"]
[PlyCount "146"]
[EventDate "2008.02.09"]
[EventType "team"]
[EventRounds "11"]
[EventCountry "ENG"]
[SourceDate "2007.09.15"]

1. e4 c5 2. Nc3 Nc6 3. g3 g6 4. Bg2 Bg7 5. d3 d6 6. Be3 Rb8 7. Qd2 e6 8. Nge2
b5 9. a3 Nge7 10. Bh6 Bxh6 11. Qxh6 Qa5 12. O-O Qb6 13. Qg7 Rg8 14. Qxh7 Bb7
15. Qh6 Kd7 16. Qd2 g5 17. Rad1 Nd4 18. Nxd4 cxd4 19. Ne2 Nc6 20. c3 dxc3 21.
bxc3 Ne5 22. Nd4 a6 23. Qe3 Qc5 24. Qc1 Ng6 25. Ne2 g4 26. Nf4 Nxf4 27. Qxf4
Ke7 28. d4 Qh5 29. f3 Rh8 30. Qf6+ Kxf6 31. fxg4+ Ke7 32. gxh5 Rxh5 33. Rd3 Rh7
34. h4 Rg8 35. Re3 Rhg7 36. Kh2 Rh8 37. Rf2 Rh5 38. Bf1 Bc8 39. Be2 Rh6 40. Bd1
Bd7 41. e5 Bc6 42. Kh3 Rh8 43. g4 dxe5 44. Rxe5 Bd5 45. g5 Rc8 46. Re3 Rgg8 47.
Rg3 Rc7 48. Bh5 Rg7 49. Rf6 Rc4 50. Bd1 Be4 51. Rf4 Bh7 52. h5 Rg8 53. Kh4 Bf5
54. Re3 Kf8 55. Bb3 Rc7 56. d5 Kg7 57. dxe6 fxe6 58. Rxf5 exf5 59. Bxg8 Kxg8
60. g6 f4 61. Rd3 Kg7 62. Kg4 Kh6 63. Kxf4 Kxh5 64. Rg3 Kh6 65. g7 Rxg7 66.
Rxg7 Kxg7 67. Ke5 Kf7 68. Kd6 Kf6 69. Kc5 Ke5 70. Kb6 Kd6 71. Kxa6 Kc6 72. Ka5
Kc5 73. Ka6 Kc6 1/2-1/2